| 000 | 00611nam a22001937a 4500 | ||
|---|---|---|---|
| 999 |
_c3683 _d3683 |
||
| 003 | GBCCL | ||
| 005 | 20241126110500.0 | ||
| 008 | 171201b xxu||||| |||| 00| 0 eng d | ||
| 040 | _cgbc | ||
| 082 |
_aVER 224.807 _bKHA |
||
| 100 |
_aKhamkam, G. _97297 |
||
| 245 |
_aJawlnei Amos leh Obadia Laibute suina / _cG. Khamkam |
||
| 260 |
_aNew Lamka: _bEvangelical Convention Church, _c1997 |
||
| 300 |
_a146p.; _c23 cm. |
||
| 440 |
_aSaptuam' Laisiangthou Hilhchetna _97247 |
||
| 650 |
_aBible _vOld Testament _vAmos _xCommentary _97298 |
||
| 650 |
_aBible _vOld Testament _vObadiah _xCommentary _97299 |
||
| 942 |
_2ddc _cBK _06 |
||